| 000 | 01936nam0a2200397 i 4500 | ||
|---|---|---|---|
| 001 | RU\NLR\BIBL_A\012318040 | ||
| 005 | 20260405230553.0 | ||
| 010 |
_a9785893535921 _9500 |
||
| 021 |
_aRU _b2020-21278 _9КН-П-1660 |
||
| 035 | _a(RuMoRGB)010323004 | ||
| 035 | _a(NLR Aleph) 012318040 | ||
| 090 |
_a11406807 _c11406808 |
||
| 100 | _a20200820d2020 um y0rusy50 ca | ||
| 101 | 0 | _arus | |
| 102 | _aRU | ||
| 105 | _aac||z|||001zb | ||
| 181 | 0 |
_ai _baxxe |
|
| 182 | 0 | _an | |
| 200 | 1 |
_aМир как живое движение _eинтеллектуальная биография Николая Бернштейна _fИрина Сироткина _gответственный редактор: академик РАО, профессор, доктор психологических наук А. Г. Асмолов |
|
| 203 |
_aТекст _bвизуальный _cнепосредственный |
||
| 205 | _a2-е изд., испр. и доп. | ||
| 210 |
_aМосква _cКогито-Центр _d2020 |
||
| 215 |
_a256, [1] с. _cил., портр. _d22 |
||
| 300 | _aНа 4-й с. обл. авт.: Ирина Сироткина - историк науки | ||
| 320 | _aБиблиогр. в подстроч. примеч. | ||
| 320 | _aДр. кн. авт. на 4-й с. обл. | ||
| 320 | _aБиблиогр. тр. Н. А. Бернштейна: с. 233-250 | ||
| 320 | _aИмен. указ. в конце кн. | ||
| 600 | 1 |
_aБернштейн _bН.А. _f1896 - 1966 _gНиколай Александрович _91137115 _3RU\NLR\AUTH\66133515 |
|
| 686 | 1 | _aЕ903д(2)Бернштейн | |
| 700 | 1 |
_aСироткина _bИ. Е. _gИрина Евгеньевна |
|
| 702 | 1 |
_4570 _8rus _7ca _aБернштейн _bН. А. _cпсихофизиолог _f1896-1966 _gНиколай Александрович _3RU\NLR\AUTH\77104563 _987488 |
|
| 942 | _cBOOK | ||
| 980 | _aNBR | ||